| 000 | 00412nam a2200157Ia 4500 | ||
|---|---|---|---|
| 008 | 240729s9999 xx 000 0 und d | ||
| 022 | _a2056-4538 | ||
| 245 | 4 | _aThe Journal of Pathology: Clinical Research | |
| 260 | _aUnited Kingdom | ||
| 260 | _bWiley | ||
| 650 | _a Pathology | ||
| 650 | _aMedicine | ||
| 856 | _uhttps://doaj.org/toc/35469b6b6e3342089cd815bef09b61ec | ||
| 942 | _2ddc | ||
| 942 | _cDOAJEJ | ||
| 999 |
_c72677 _d72677 |
||
| 945 |
_a1 _bMadushi Gamage _c1 _dMadushi Gamage |
||